Schauspieler nach Fernsehcharakteren #1 - Statistiken

Allgemein
  • Dieses Quiz wurde 63 mal gespielt
  • Das Durchschnittsergebnis liegt bei 5 aus 22
Antwortstatistiken
Charakter Schauspieler % Korrekt
Charlie Harper Charlie Sheen
76%
Walter White Bryan Cranston
47%
Barney Stinson Neil Patrick Harris
47%
Jean-Luc Picard Patrick Stewart
40%
Dr. House Hugh Laurie
28%
Phoebe Buffay Lisa Kudrow
28%
Carrie Bradshaw Sarah Jessica Parker
26%
Thomas Magnum Tom Selleck
26%
Tyrion Lannister Peter Dinklage
24%
Heathcliff Huxtable Bill Cosby
21%
Jack Bauer Kiefer Sutherland
21%
Fox Mulder David Duchovny
19%
Ally McBeal Calista Flockhart
14%
Steve Urkel Jaleel White
9%
Tony Soprano James Gandolfini
7%
Liz Lemon Tina Fey
7%
Brandon Walsh Jason Priestly
5%
Leslie Knope Amy Poehler
3%
Fonzie Henry Winkler
3%
Raymond Barone Ray Romano
3%
George Costanza Jason Alexander
2%
Ricky Ricardo Desi Arnaz
0%
Keine übereinstimmenden Quizze gefunden
Verteilung der Resultate
Anzahl Personen mit jedem Resultat
Perzentil nach korrekt beantworteten Fragen
Ihre Resultats-Entwicklung
Sie haben dieses Quiz noch nicht gespielt